| 000 | 00927nam a22002295i 4500 | ||
|---|---|---|---|
| 001 | 158522 | ||
| 003 | ES-MaACL | ||
| 005 | 20230906211200.0 | ||
| 008 | 990930s1890 fr |||| | fre d | ||
| 040 |
_aCAM _bspa _cCAM |
||
| 100 | 1 |
_aMaindron, G.R. Maurice. _9129361 |
|
| 245 | 1 | 4 |
_aLes armes / _cpar G.R. Maurice Maindron. |
| 260 |
_aParis : _bAncienne Maison Quantin, librairies-imprimeries réunies, _c[s.a.] |
||
| 300 |
_a343 p. : _bil. ; _c21 cm. |
||
| 490 | 1 | _aBibliothèque de l'enseignement des Beaux-Arts / publiés sous la direction de M. Jules Comte | |
| 596 | 1 | _aFecha del depósito en el Ministerio del Interior: diciembre 1890. | |
| 599 | 1 | _aIl. de distintos tipos de armas. | |
| 650 | 0 | 4 |
_aArmas- _vHistoria. _99968 |
| 830 | 0 |
_aBibliothèque de l'enseignement des Beaux-Arts / publiés sous la direction de M. Jules Comte _9188171 |
|
| 852 |
_aES-MaACL _jB-2540 _z-- Enc. tela |
||
| 999 |
_c158522 _d158522 |
||